00760cam a22002297a 4500003000500000005001700005008004100022010001000063011001000073035001000083040000900093100003100102245009000133260004100223300001000264502006900274530003600343650002500379650003700404650002600441856006300467CHAP20220329142826.0040527s2004 mx r 00010 spa d a88341 a89313 a99864 cCHAP00aPérez García, Osvaldo.10aNutrición mineral y calidad poscosecha en crisantemoc/por Osvaldo Pérez García aChapingo, Méx. :bEl autor,c2004. a77 h. aTesis (M.C. en Horticultura) -- UACH. Departamento de Fitotecnia aTambién disponible en línea14aCrisantemoxCalidad.14aCrisantemoxElementos minerales.14aPlantasxNutrición. 3Finding aiduhttp://10.13.5.2/tesis/99864.pdfzTeclea aqui